[Event "WchT Seniors 50"]
[Site "Krakow"]
[Date "2024.07.09"]
[Round "7.2"]
[White "Norinkeviciute, Rasa"]
[Black "Fox, Anthony"]
[Result "1/2-1/2"]
[WhiteElo "1922"]
[BlackElo "1909"]
[PlyCount "47"]
[EventDate "2024.07.02"]
[EventType "team-swiss"]
[EventRounds "9"]
[EventCountry "POL"]
[SourceTitle "CBM 221 Extra"]
[Source "ChessBase"]
[SourceDate "2024.09.30"]
[SourceVersion "1"]
[SourceVersionDate "2024.09.30"]
[SourceQuality "1"]
[WhiteTeam "Lithuania 50 (W)"]
[BlackTeam "Ireland 50"]
[WhiteTeamCountry "LTU"]
[BlackTeamCountry "IRL"]

1. c4 e6 2. g3 d5 3. Bg2 Nf6 4. Nf3 Be7 5. Qc2 0-0 6. d3 Nbd7 7. 0-0 c6 8. b3 b6 9. Bb2 Bb7 10. Nbd2 Rc8 11. Rad1 Qc7 12. e4 Qb8 13. Rfe1 Rfd8 14. h3 b5 15. e5 Ne8 16. Nh2 Nc7 17. f4 a5 18. Nhf3 Qa7+ 19. Bd4 c5 20. Bf2 Qa8 21. Qb2 Rb8 22. Qc2 Rbc8 23. Qb2 Rb8 24. Qc2 1/2-1/2

[Event "WchT Seniors 50"]
[Site "Krakow"]
[Date "2024.07.06"]
[Round "5.3"]
[White "Fox, Anthony"]
[Black "Santanna, Paulo"]
[Result "1/2-1/2"]
[WhiteElo "1909"]
[BlackElo "2020"]
[PlyCount "130"]
[EventDate "2024.07.02"]
[EventType "team-swiss"]
[EventRounds "9"]
[EventCountry "POL"]
[SourceTitle "CBM 221 Extra"]
[Source "ChessBase"]
[SourceDate "2024.09.30"]
[SourceVersion "1"]
[SourceVersionDate "2024.09.30"]
[SourceQuality "1"]
[WhiteTeam "Ireland 50"]
[BlackTeam "Brazil 50"]
[WhiteTeamCountry "IRL"]
[BlackTeamCountry "BRA"]

1. e4 c5 2. Nc3 a6 3. a4 e6 4. Nge2 Nc6 5. g3 Be7 6. Bg2 Nf6 7. 0-0 0-0 8. h3 d6 9. d3 Qc7 10. Be3 Nd7 11. f4 Bf6 12. Qd2 Nd4 13. Nd1 Rb8 14. Nc1 b5 15. c3 Nc6 16. axb5 axb5 17. g4 g6 18. Bf2 Bb7 19. Ne3 Ra8 20. Ne2 Ne7 21. d4 Bg7 22. e5 Bxg2 23. Kxg2 f6 24. exd6 Qxd6 25. Bg3 f5 26. g5 Nb6 27. Rad1 Rfd8 28. Qc1 Qc6+ 29. Kh2 cxd4 30. Nxd4 Bxd4 31. Rxd4 Rxd4 32. cxd4 Qxc1 33. Rxc1 Ra2 34. Rc2 Ned5 35. b3 Rxc2+ 36. Nxc2 Nc3 37. Kg2 Nbd5 38. Kf3 Kf7 39. Be1 Ne4 40. Na3 Nd6 41. Nc2 Ke8 42. Bb4 Ne4 43. Be1 Kd7 44. Na3 Kc6 45. Nc2 Nd6 46. Bb4 Ne8 47. Bf8 Nec7 48. Bb4 Na6 49. Bd2 b4 50. h4 Kb5 51. Ke2 Nb8 52. Kd3 Nc6 53. Ne1 Na5 54. Kc2 Nc6 55. Kd3 Nb6 56. Nf3 Nc8 57. Ne1 Nd6 58. Nf3 Ne4 59. Bc1 Kb6 60. Be3 Kc7 61. Kc4 Nd6+ 62. Kc5 Ne4+ 63. Kb5 Nc3+ 64. Kc5 Nd5 65. Bd2 Na5 1/2-1/2

[Event "WchT Seniors 50"]
[Site "Krakow"]
[Date "2024.07.03"]
[Round "2.3"]
[White "Wilson, Edgar"]
[Black "Fox, Anthony"]
[Result "1/2-1/2"]
[WhiteElo "1912"]
[BlackElo "1909"]
[PlyCount "58"]
[EventDate "2024.07.02"]
[EventType "team-swiss"]
[EventRounds "9"]
[EventCountry "POL"]
[SourceTitle "CBM 221 Extra"]
[Source "ChessBase"]
[SourceDate "2024.09.30"]
[SourceVersion "1"]
[SourceVersionDate "2024.09.30"]
[SourceQuality "1"]
[WhiteTeam "England 50 IV"]
[BlackTeam "Ireland 50"]
[WhiteTeamCountry "ENG"]
[BlackTeamCountry "IRL"]

1. e4 e5 2. Nc3 Nf6 3. f4 d5 4. fxe5 Nxe4 5. Qf3 Nxc3 6. dxc3 Be7 7. Bf4 Be6 8. 0-0-0 Nd7 9. Kb1 c5 10. Ne2 Qa5 11. c4 d4 12. Nc1 0-0-0 13. Bd3 g5 14. Bg3 h5 15. Rde1 h4 16. Bf2 Qc7 17. Qe2 g4 18. b3 Rh5 19. Be4 Nxe5 20. Nd3 Nxd3 21. Bxd3 Rh6 22. Ref1 Bd6 23. h3 g3 24. Be1 Rg8 25. Bd2 Rhh8 26. Bf5 Qd7 27. Be4 Qc7 28. Bf5 Qd7 29. Be4 Qc7 1/2-1/2

[Event "IRL-ch Seniors 50"]
[Site "Dublin"]
[Date "2024.01.05"]
[Round "3"]
[White "O'Higgins, Niall"]
[Black "Fox, Anthony"]
[Result "0-1"]
[WhiteElo "1623"]
[BlackElo "1877"]
[PlyCount "51"]
[EventDate "2024.01.04"]
[EventType "swiss"]
[EventRounds "7"]
[EventCountry "IRL"]
[SourceTitle "CBM 218 Extra"]
[Source "ChessBase"]
[SourceDate "2024.03.31"]
[SourceVersion "1"]
[SourceVersionDate "2024.03.31"]
[SourceQuality "1"]

1. c4 e6 2. Nc3 d5 3. cxd5 exd5 4. d4 c6 5. Nf3 Nf6 6. Bg5 Be7 7. e3 Bf5 8. Bd3 Bxd3 9. Qxd3 0-0 10. 0-0 Nbd7 11. Rac1 Re8 12. Rfd1 Nh5 13. Bxe7 Qxe7 14. a3 Nhf6 15. b4 a6 16. Na4 Ne4 17. Nc5 Nb6 18. Ne5 Nd6 19. Qe2 f6 20. Ned3 Nbc4 21. Rc3 Nb5 22. Rxc4 dxc4 23. Nf4 Qf7 24. Ra1 Nd6 25. Rc1 b5 26. Rd1 0-1

[Event "Benidorm op-A"]
[Site "Benidorm"]
[Date "2023.11.02"]
[Round "6"]
[White "Bevia Martinez, Luis"]
[Black "Fox, Anthony"]
[Result "1/2-1/2"]
[WhiteElo "2033"]
[BlackElo "1883"]
[PlyCount "180"]
[EventDate "2023.10.29"]
[EventType "swiss"]
[EventRounds "9"]
[EventCountry "ESP"]
[SourceTitle "CBM 217 Extra"]
[Source "ChessBase"]
[SourceDate "2024.01.31"]
[SourceVersion "1"]
[SourceVersionDate "2024.01.31"]
[SourceQuality "1"]

1. e4 e5 2. Nf3 Nc6 3. Bb5 a6 4. Bxc6 dxc6 5. 0-0 f6 6. d4 exd4 7. Nxd4 c5 8. Ne2 Qxd1 9. Rxd1 Bd7 10. Nbc3 0-0-0 11. Bf4 Ne7 12. Bg3 h5 13. h4 Be6 14. Rxd8+ Kxd8 15. Rd1+ Kc8 16. Nf4 Bf7 17. f3 b6 18. Kf2 Nc6 19. Ncd5 Ne5 20. Nh3 c4 21. Bxe5 fxe5 22. Ng5 Bc5+ 23. Ke2 Rf8 24. c3 Bg8 25. Ne3 g6 26. Nd5 b5 27. g3 a5 28. Ne3 c6 29. Rg1 Rd8 30. Rg2 Rd3 31. Nd1 b4 32. g4 a4 33. gxh5 gxh5 34. Nh3 Be6 35. Nhf2 Rd8 36. Rg5 Bd6 37. cxb4 Bxb4 38. Rxe5 Bf7 39. a3 Bd6 40. Ra5 Bg3 41. Ra8+ Kd7 42. Rxd8+ Kxd8 43. Nc3 Bxh4 44. f4 Be7 45. Nxa4 h4 46. Kf3 Bh5+ 47. Kg2 Kd7 48. Nb6+ Ke6 49. Nxc4 Be2 50. Ne3 Bd8 51. Nf5 c5 52. Nh3 Bd3 53. Kf3 Bf6 54. Ng5+ Kd7 55. Ke3 Bb1 56. b4 cxb4 57. axb4 Kc6 58. Nd4+ Kb6 59. e5 Be7 60. f5 Bxg5+ 61. Kf3 h3 62. Kg3 h2 63. Kxh2 Bf4+ 64. Kg2 Bxe5 65. Nf3 Bf6 66. Nd2 Bxf5 67. Nc4+ Kc7 68. Kf3 Be6 69. Ne3 Kb6 70. Ke4 Kc6 71. Nf5 Bd5+ 72. Kd3 Kb5 73. Ne3 Be6 74. Ke4 Bg5 75. Nd5 Kc4 76. Nf4 Bc8 77. Ne2 Kxb4 78. Kd4 Bf6+ 79. Ke3 Bb7 80. Nd4 Kc4 81. Nf3 Kc3 82. Kf4 Bd8 83. Ke3 Bc7 84. Ng5 Bb6+ 85. Kf4 Kd3 86. Ne6 Bf2 87. Ke5 Bg3+ 88. Kf6 Bd5 89. Kf5 Be4+ 90. Kg4 Be5 1/2-1/2

[Event "IRL-ch 102nd"]
[Site "Dublin"]
[Date "2023.08.13"]
[Round "9"]
[White "O'Connell, Gerard"]
[Black "Fox, Anthony"]
[Result "1-0"]
[WhiteElo "2026"]
[BlackElo "1896"]
[PlyCount "149"]
[EventDate "2023.08.05"]
[EventType "swiss"]
[EventRounds "9"]
[EventCountry "IRL"]
[SourceTitle "CBM 215 Extra"]
[Source "ChessBase"]
[SourceDate "2023.09.30"]
[SourceVersion "1"]
[SourceVersionDate "2023.09.30"]
[SourceQuality "1"]

1. d4 d5 2. Nf3 Nf6 3. g3 e6 4. Bg2 Be7 5. 0-0 0-0 6. c4 dxc4 7. Qc2 a6 8. a4 Bd7 9. Ne5 Bc6 10. Nxc6 Nxc6 11. Bxc6 bxc6 12. Qxc4 Qd5 13. b3 Rfb8 14. Ba3 Bxa3 15. Rxa3 Qd6 16. Rc1 Rb4 17. Qxc6 Qxc6 18. Rxc6 Rxd4 19. Nc3 Ne8 20. e3 Rb4 21. Na2 Rb6 22. Rc5 Rd8 23. b4 Rd1+ 24. Kg2 Ra1 25. Rcc3 Kf8 26. a5 Rb8 27. Rc6 Rxb4 28. Nxb4 Rxa3 29. Rxa6 Ke7 30. Nc6+ Kd7 31. Ne5+ Ke7 32. Ra8 f6 33. Nc6+ Kd7 34. a6 Kxc6 35. Rxe8 Kd6 36. Rd8+ Ke7 37. Ra8 h5 38. Kf3 Kf7 39. h3 Kg6 40. Ke4 c5 41. a7 Ra4+ 42. Kd3 e5 43. f3 Kh7 44. f4 exf4 45. gxf4 f5 46. h4 g6 47. Kc3 c4 48. Kd4 c3+ 49. Kxc3 Kg7 50. Kb3 Ra1 51. Kb4 Rb1+ 52. Kc5 Rc1+ 53. Kd6 Ra1 54. Ke7 Ra3 55. Kd8 Rd3+ 56. Kc7 Rc3+ 57. Kb6 Rb3+ 58. Kc5 Ra3 59. Kb4 Ra1 60. Kc4 Rc1+ 61. Kd4 Ra1 62. Kd5 Ra2 63. Kd6 Ra3 64. Rc8 Rxa7 65. Rc7+ Rxc7 66. Kxc7 Kf6 67. Kd6 Kf7 68. Kd7 Kf6 69. Ke8 Kg7 70. Ke7 Kh6 71. Kf6 Kh7 72. Kf7 Kh6 73. Kg8 g5 74. fxg5+ Kg6 75. Kf8 1-0

[Event "IRL-ch 102nd"]
[Site "Dublin"]
[Date "2023.08.09"]
[Round "5"]
[White "Healy, John"]
[Black "Fox, Anthony"]
[Result "1/2-1/2"]
[WhiteElo "1949"]
[BlackElo "1896"]
[PlyCount "58"]
[EventDate "2023.08.05"]
[EventType "swiss"]
[EventRounds "9"]
[EventCountry "IRL"]
[SourceTitle "CBM 215 Extra"]
[Source "ChessBase"]
[SourceDate "2023.09.30"]
[SourceVersion "1"]
[SourceVersionDate "2023.09.30"]
[SourceQuality "1"]

1. e4 e5 2. Nf3 Nc6 3. Bc4 Nf6 4. d3 Be7 5. 0-0 0-0 6. Re1 d6 7. a4 Be6 8. c3 Bxc4 9. dxc4 a5 10. Bd2 b6 11. b4 Qd7 12. Na3 h6 13. Nc2 Nd8 14. b5 Ne6 15. Be3 Rad8 16. Nd2 Kh7 17. Qf3 Ng8 18. Qh3 Bg5 19. Nf3 Bxe3 20. Nxe3 g6 21. Nh4 Ng5 22. Qxd7 Rxd7 23. f3 Ne6 24. Red1 Kg7 25. g4 Nf6 26. Nd5 Nc5 27. Nxf6 Kxf6 28. Ng2 Kg7 29. Ne3 Re8 1/2-1/2

[Event "IRL-ch 101st"]
[Site "Dublin"]
[Date "2022.07.10"]
[Round "9"]
[White "O'Gorman, Alice"]
[Black "Fox, Anthony"]
[Result "1/2-1/2"]
[WhiteElo "2043"]
[BlackElo "1945"]
[PlyCount "118"]
[EventDate "2022.07.02"]
[EventType "swiss"]
[EventRounds "9"]
[EventCountry "IRL"]
[SourceTitle "CBM 209 Extra"]
[Source "ChessBase"]
[SourceDate "2022.09.30"]
[SourceVersion "1"]
[SourceVersionDate "2022.09.30"]
[SourceQuality "1"]

1. c4 e6 2. Nc3 d5 3. d4 Nf6 4. cxd5 exd5 5. Bg5 c6 6. e3 Be7 7. Bd3 Nbd7 8. Qc2 h6 9. Bh4 Nh5 10. Bxe7 Qxe7 11. 0-0-0 Nb6 12. Kb1 Be6 13. Nf3 0-0-0 14. Ne5 Kb8 15. Qb3 Rc8 16. Rc1 Nf6 17. Be2 Ne4 18. Nxe4 dxe4 19. Qc2 Bd5 20. Bg4 Rc7 21. f3 exf3 22. gxf3 Rd8 23. e4 Be6 24. Bxe6 Qxe6 25. Qc3 f6 26. Nd3 Qd6 27. Nc5 Nd7 28. Nb3 Nb6 29. h4 Re7 30. h5 f5 31. Rhg1 fxe4 32. fxe4 Qf4 33. Nc5 Nd7 34. Nxb7 Qxe4+ 35. Ka1 Kxb7 36. Rce1 Qxe1+ 37. Rxe1 Rxe1+ 38. Qxe1 Nb6 39. Qb4 Rd7 40. a4 a5 41. Qxa5 Rxd4 42. b4 Rd1+ 43. Ka2 Rd2+ 44. Kb1 Rd4 45. b5 Rxa4 46. bxc6+ Kxc6 47. Qc3+ Kb5 48. Qxg7 Rb4+ 49. Kc1 Rc4+ 50. Kd2 Rc6 51. Kd3 Rd6+ 52. Ke4 Kc6 53. Kf5 Nd5 54. Qa7 Nb6 55. Qa2 Kd7 56. Ke5 Ke7 57. Qb3 Nd7+ 58. Kf5 Rf6+ 59. Kg4 Ne5+ 1/2-1/2

[Event "IRL-ch 101st"]
[Site "Dublin"]
[Date "2022.07.04"]
[Round "3"]
[White "Venkatesan, Kavin"]
[Black "Fox, Anthony"]
[Result "1/2-1/2"]
[WhiteElo "2076"]
[BlackElo "1945"]
[PlyCount "73"]
[EventDate "2022.07.02"]
[EventType "swiss"]
[EventRounds "9"]
[EventCountry "IRL"]
[SourceTitle "CBM 209 Extra"]
[Source "ChessBase"]
[SourceDate "2022.09.30"]
[SourceVersion "1"]
[SourceVersionDate "2022.09.30"]
[SourceQuality "1"]

1. c4 e6 2. e4 d5 3. cxd5 exd5 4. exd5 Nf6 5. Bb5+ Nbd7 6. Nc3 Be7 7. d4 0-0 8. Nf3 Nb6 9. 0-0 Nbxd5 10. Bc4 c6 11. Ne5 Be6 12. Bg5 Nxc3 13. bxc3 Bxc4 14. Nxc4 Nd5 15. Bxe7 Qxe7 16. Qd2 Rfe8 17. Rfe1 Qc7 18. g3 Rad8 19. Rxe8+ Rxe8 20. Re1 Rxe1+ 21. Qxe1 Qe7 22. Qd2 h6 23. Ne3 Qe6 24. Nxd5 cxd5 25. Qb2 b6 26. Qb5 Qe1+ 27. Kg2 Qe4+ 28. Kf1 Kh7 29. a4 f5 30. a5 bxa5 31. Qxa5 Qd3+ 32. Kg1 Qb1+ 33. Kg2 Qe4+ 34. Kf1 Qd3+ 35. Kg1 Qb1+ 36. Kg2 Qe4+ 37. Kf1 1/2-1/2

[Event "Dublin Bolger Cup"]
[Site "Dublin"]
[Date "2022.03.26"]
[Round "2"]
[White "Fox, Anthony"]
[Black "Eigemann, Julian"]
[Result "1/2-1/2"]
[WhiteElo "1936"]
[BlackElo "1976"]
[PlyCount "65"]
[EventDate "2022.03.25"]
[EventType "swiss"]
[EventRounds "5"]
[EventCountry "IRL"]
[SourceTitle "CBM 207 Extra"]
[Source "ChessBase"]
[SourceDate "2022.05.31"]
[SourceVersion "1"]
[SourceVersionDate "2022.05.31"]
[SourceQuality "1"]

1. e4 c5 2. Nc3 Nc6 3. g3 g6 4. Bg2 Bg7 5. d3 d6 6. Be3 e6 7. Qd2 Rb8 8. Nge2 b5 9. 0-0 b4 10. Nd1 Nd4 11. Nc1 Ne7 12. c3 bxc3 13. bxc3 Ndc6 14. Bh6 0-0 15. Bxg7 Kxg7 16. Ne3 Ba6 17. f4 f5 18. exf5 exf5 19. Nb3 Qc7 20. Rfe1 Na5 21. Nxa5 Qxa5 22. Nd5 Nxd5 23. Bxd5 Rfe8 24. Bc6 Rxe1+ 25. Rxe1 Qc7 26. Bd5 Bb7 27. Qg2 Bxd5 28. Qxd5 Rf8 29. Re6 Rf6 30. Re8 Rf8 31. Re6 Rf6 32. Re8 Rf8 33. Re6 1/2-1/2

[Event "IRL-ch 100th"]
[Site "Dublin"]
[Date "2021.08.01"]
[Round "2"]
[White "Fox, Anthony"]
[Black "Harding, Timothy David"]
[Result "1/2-1/2"]
[WhiteElo "2005"]
[BlackElo "2003"]
[PlyCount "50"]
[EventDate "2021.07.31"]
[EventType "swiss"]
[EventRounds "9"]
[EventCountry "IRL"]
[SourceTitle "CBM 203 Extra"]
[Source "ChessBase"]
[SourceDate "2021.09.30"]
[SourceVersion "1"]
[SourceVersionDate "2021.09.30"]
[SourceQuality "1"]

1. e4 c6 2. d4 d5 3. Nc3 dxe4 4. Nxe4 Nf6 5. Nxf6+ exf6 6. c3 Bd6 7. Bd3 0-0 8. Qc2 Re8+ 9. Ne2 h5 10. Be3 Nd7 11. 0-0-0 Nf8 12. Nf4 Bxf4 13. Bxf4 Be6 14. Kb1 Bd5 15. f3 b5 16. Rhe1 Qd7 17. Bf5 Be6 18. Bxe6 Rxe6 19. Rxe6 fxe6 20. Rd2 Qf7 21. Qe4 Qg6 22. Kc2 Rd8 23. b3 Qxe4+ 24. fxe4 Ng6 25. Be3 a6 1/2-1/2

[Event "IRL-ch 100th"]
[Site "Dublin"]
[Date "2021.07.31"]
[Round "1"]
[White "Moran, Darragh"]
[Black "Fox, Anthony"]
[Result "1/2-1/2"]
[WhiteElo "1859"]
[BlackElo "2005"]
[PlyCount "49"]
[EventDate "2021.07.31"]
[EventType "swiss"]
[EventRounds "9"]
[EventCountry "IRL"]
[SourceTitle "CBM 203 Extra"]
[Source "ChessBase"]
[SourceDate "2021.09.30"]
[SourceVersion "1"]
[SourceVersionDate "2021.09.30"]
[SourceQuality "1"]

1. d4 d5 2. c4 e6 3. Nc3 Nf6 4. Nf3 Be7 5. Bf4 0-0 6. e3 b6 7. cxd5 exd5 8. Bd3 Bb7 9. 0-0 Nbd7 10. Rc1 c5 11. dxc5 bxc5 12. Qc2 h6 13. Rfd1 Qa5 14. Qa4 Qxa4 15. Nxa4 c4 16. Bf5 Nb6 17. Nc3 g6 18. Bb1 Kh7 19. b3 Rac8 20. bxc4 dxc4 21. Be5 Rfd8 22. Bd4 Nfd7 23. Rd2 Kg8 24. Rcd1 Nb8 25. Ne5 1/2-1/2

[Event "Bunratty Masters 27th"]
[Site "Bunratty"]
[Date "2020.02.22"]
[Round "3"]
[White "Shanel, Jaroslav"]
[Black "Fox, Anthony"]
[Result "1/2-1/2"]
[WhiteElo "2138"]
[BlackElo "2001"]
[PlyCount "149"]
[EventDate "2020.02.21"]
[EventType "swiss"]
[EventRounds "6"]
[EventCountry "IRL"]
[SourceTitle "EXT 2023"]
[Source "ChessBase"]
[SourceDate "2022.10.05"]
[SourceVersion "1"]
[SourceVersionDate "2022.10.05"]
[SourceQuality "1"]

1. e4 e5 2. Nf3 Nc6 3. Bb5 a6 4. Ba4 Nf6 5. d4 exd4 6. 0-0 Be7 7. e5 Ne4 8. Nxd4 0-0 9. Nf5 d5 10. Bxc6 bxc6 11. Qg4 Bxf5 12. Qxf5 Qc8 13. Qxc8 Raxc8 14. Nd2 Nxd2 15. Bxd2 c5 16. Rfd1 c6 17. b3 f5 18. f4 Kf7 19. Kf2 Ke6 20. Kf3 g6 21. Be3 Rb8 22. Bd2 Rf7 23. h3 Rg8 24. Be3 h6 25. g3 g5 26. Bf2 gxf4 27. gxf4 Rfg7 28. Rd3 Rg2 29. Rh1 h5 30. Rdd1 R2g7 31. Rh2 h4 32. Rd3 Rg6 33. Rd1 R6g7 34. Ke2 Rg6 35. Rd3 Rb8 36. Rh1 Rb4 37. Kf3 Rb8 38. Rc3 Rbg8 39. Rd3 Rg2 40. Rdd1 R8g7 41. Rd3 Rg8 42. Ke2 R8g7 43. Kf1 Rg8 44. Rg1 Rxg1+ 45. Bxg1 Rg6 46. Bf2 Rg8 47. Rc3 d4 48. Rc4 Kd5 49. Ra4 Ke4 50. e6 Rg6 51. c3 Kxf4 52. cxd4 Kf3 53. dxc5 Rxe6 54. Rc4 Bf6 55. Bxh4 Bxh4 56. Rxh4 f4 57. Rg4 Re5 58. b4 a5 59. a3 axb4 60. axb4 Re4 61. Rg6 Rxb4 62. Ke1 Rb1+ 63. Kd2 Rh1 64. Rh6 Rh2+ 65. Kd3 Kg3 66. Rxc6 Rxh3 67. Rg6+ Kf2+ 68. Kc4 f3 69. c6 Rh1 70. Kd5 Rc1 71. Rg4 Rxc6 72. Kxc6 Ke2 73. Re4+ Kd2 74. Rf4 Ke2 75. Rxf3 1/2-1/2

[Event "Bunratty Masters 27th"]
[Site "Bunratty"]
[Date "2020.02.21"]
[Round "1"]
[White "Machin, Guillaume"]
[Black "Fox, Anthony"]
[Result "1-0"]
[WhiteElo "2159"]
[BlackElo "2001"]
[PlyCount "63"]
[EventDate "2020.02.21"]
[EventType "swiss"]
[EventRounds "6"]
[EventCountry "IRL"]
[SourceTitle "EXT 2023"]
[Source "ChessBase"]
[SourceDate "2022.10.05"]
[SourceVersion "1"]
[SourceVersionDate "2022.10.05"]
[SourceQuality "1"]

1. Nf3 d5 2. b3 Nf6 3. Bb2 e6 4. g3 Be7 5. Bg2 0-0 6. 0-0 c5 7. c4 Nc6 8. e3 d4 9. exd4 cxd4 10. Re1 Re8 11. a3 a5 12. Ne5 Nxe5 13. Rxe5 Nd7 14. Rb5 Nc5 15. b4 Nd3 16. Qb3 Nxb2 17. Qxb2 Qc7 18. d3 e5 19. c5 Ra7 20. Nd2 Bd7 21. Rb6 Rea8 22. bxa5 Qxc5 23. Rxb7 Rxb7 24. Qxb7 Ra7 25. Qb8+ Bf8 26. Nb3 Qc7 27. Qb6 Be6 28. Rc1 Qd7 29. Nc5 Bxc5 30. Rxc5 f6 31. a6 Qe7 32. Bb7 1-0

[Event "Dublin Gonzaga Masters"]
[Site "Dublin"]
[Date "2020.01.25"]
[Round "1"]
[White "Fox, Anthony"]
[Black "Korneev, Oleg"]
[Result "0-1"]
[WhiteElo "2003"]
[BlackElo "2513"]
[PlyCount "106"]
[EventDate "2020.01.24"]
[EventType "swiss"]
[EventRounds "5"]
[EventCountry "IRL"]
[SourceTitle "CBM 194"]
[Source "ChessBase"]
[SourceDate "2020.02.29"]
[SourceVersion "1"]
[SourceVersionDate "2020.02.29"]
[SourceQuality "1"]

1. e4 c5 2. Nc3 e6 3. g3 d5 4. exd5 exd5 5. d4 cxd4 6. Qxd4 Nf6 7. Bg5 Be7 8. Bb5+ Nc6 9. Bxf6 Bxf6 10. Qc5 Bxc3+ 11. bxc3 Qe7+ 12. Qxe7+ Kxe7 13. 0-0-0 Be6 14. Ne2 Rhd8 15. Rhe1 Kf6 16. Nf4 g5 17. Nxe6 fxe6 18. f4 gxf4 19. gxf4 Ne7 20. Bd3 Rac8 21. Bxh7 Rh8 22. Bd3 Rxh2 23. Rd2 Rh4 24. Rde2 Rc6 25. c4 Rxf4 26. cxd5 Nxd5 27. Rh2 Nb4 28. Rh6+ Ke7 29. Rh7+ Rf7 30. Rxf7+ Kxf7 31. Be4 Rc7 32. a3 Na6 33. Rh1 Kf6 34. Kd2 Nc5 35. Bd3 Ke5 36. Rh5+ Kd6 37. Rh6 a6 38. Rg6 b5 39. Rh6 Rg7 40. Rh4 Rg1 41. Bh7 Rg3 42. Bd3 e5 43. Rh6+ Kd5 44. Bg6 Kd4 45. Rh4+ e4 46. c3+ Rxc3 47. Bxe4 Nxe4+ 48. Rxe4+ Kxe4 49. Kxc3 a5 50. Kc2 Kd4 51. Kb2 a4 52. Kc2 Kc4 53. Kb2 Kd3 0-1

[Event "EUR-chT Seniors 50"]
[Site "Mali Losinj"]
[Date "2019.09.19"]
[Round "2.6"]
[White "Wegerer, Fred"]
[Black "Fox, Anthony"]
[Result "1-0"]
[WhiteElo "2171"]
[BlackElo "2023"]
[PlyCount "139"]
[EventDate "2019.09.18"]
[EventType "team-swiss"]
[EventRounds "9"]
[EventCountry "CRO"]
[SourceTitle "EXT 2020"]
[Source "ChessBase"]
[SourceDate "2019.10.17"]
[SourceVersion "1"]
[SourceVersionDate "2019.10.17"]
[SourceQuality "1"]
[WhiteTeam "Steiermark 50"]
[BlackTeam "Ireland 50"]
[WhiteTeamCountry "AUT"]
[BlackTeamCountry "IRL"]

1. c4 e6 2. Nf3 d5 3. g3 Nf6 4. Bg2 Be7 5. 0-0 0-0 6. d4 dxc4 7. Ne5 Nc6 8. Nxc6 bxc6 9. Bxc6 Rb8 10. Nc3 Bb7 11. Bxb7 Rxb7 12. e4 c6 13. Qa4 Qxd4 14. Qxc6 Qb6 15. Qxc4 Rd8 16. Qe2 Qa5 17. Bf4 Bb4 18. Rfd1 Rbd7 19. Rxd7 Rxd7 20. Qc4 Bxc3 21. bxc3 h6 22. Rb1 Qh5 23. Kg2 Kh7 24. h3 Qg6 25. Re1 Nh5 26. Be3 e5 27. Kh2 Nf6 28. f3 Nh5 29. g4 Nf4 30. Bxf4 exf4 31. Re2 Qb6 32. e5 Rd1 33. Qe4+ g6 34. Rg2 Qe3 35. Qxe3 fxe3 36. Kg3 Rd2 37. Rg1 Rxa2 38. Re1 e2 39. Kf2 Rc2 40. Rxe2 Rxc3 41. Ra2 Rc7 42. h4 Re7 43. f4 g5 44. Kg3 Kg7 45. Ra6 gxf4+ 46. Kxf4 Rb7 47. Kf5 Rc7 48. g5 hxg5 49. hxg5 Rb7 50. g6 fxg6+ 51. Rxg6+ Kf8 52. Rh6 Rb1 53. Rh7 a5 54. Ra7 Ra1 55. Kf6 Rf1+ 56. Ke6 Ra1 57. Ra8+ Kg7 58. Ke7 a4 59. e6 a3 60. Ke8 a2 61. e7 Kh7 62. Ra3 Kg7 63. Rg3+ Kf6 64. Rg2 Ke6 65. Re2+ Kd6 66. Kd8 Kc5 67. Kc7 Kb4 68. Kb6 Ka3 69. e8Q Rb1+ 70. Ka5 1-0

[Event "Dublin Masters"]
[Site "Dublin"]
[Date "2019.09.07"]
[Round "3"]
[White "Haque, Muhtarim Ul"]
[Black "Fox, Anthony"]
[Result "1-0"]
[WhiteElo "2085"]
[BlackElo "2023"]
[PlyCount "111"]
[EventDate "2019.09.06"]
[EventType "swiss"]
[EventRounds "5"]
[EventCountry "IRL"]
[SourceTitle "EXT 2020"]
[Source "ChessBase"]
[SourceDate "2019.10.17"]
[SourceVersion "1"]
[SourceVersionDate "2019.10.17"]
[SourceQuality "1"]

1. d4 d5 2. c4 e6 3. Nc3 Nf6 4. Bg5 Be7 5. Nf3 h6 6. Bxf6 Bxf6 7. e3 0-0 8. Rc1 c6 9. Bd3 Nd7 10. cxd5 exd5 11. 0-0 Nb6 12. b4 a6 13. a4 Be6 14. Nd2 Be7 15. Rb1 Bd6 16. f4 f5 17. Nf3 Qe7 18. b5 cxb5 19. axb5 a5 20. Ne5 Rfc8 21. Ne2 a4 22. Rf3 a3 23. Ng3 Bxe5 24. fxe5 g6 25. Ne2 Nc4 26. Nf4 Kh7 27. Nxg6 Kxg6 28. Rh3 Qg5 29. Rg3 Nb2 30. Rxg5+ hxg5 31. Qb3 Nxd3 32. Qxd3 Rc4 33. Ra1 a2 34. Qb3 Rca4 35. Kf2 Kf7 36. g4 fxg4 37. Qc2 Kg7 38. Qc7+ Kg8 39. Qe7 Rf8+ 40. Kg2 Bf5 41. Qxg5+ Kh8 42. e6 Raa8 43. e7 Rf7 44. Kg3 Bb1 45. Qe5+ Kh7 46. e8Q Rxe8 47. Qxe8 Rf1 48. Qh5+ Kg7 49. Qxg4+ Kf7 50. Qh5+ Ke7 51. Qe5+ Kf8 52. Qb8+ Kg7 53. Qxb7+ Kh8 54. Qxd5 Rg1+ 55. Kf2 Rg7 56. Rxa2 1-0

[Event "Dublin Masters"]
[Site "Dublin"]
[Date "2019.09.06"]
[Round "1"]
[White "Daly, Colm"]
[Black "Fox, Anthony"]
[Result "1-0"]
[WhiteElo "2234"]
[BlackElo "2023"]
[PlyCount "109"]
[EventDate "2019.09.06"]
[EventType "swiss"]
[EventRounds "5"]
[EventCountry "IRL"]
[SourceTitle "EXT 2020"]
[Source "ChessBase"]
[SourceDate "2019.10.17"]
[SourceVersion "1"]
[SourceVersionDate "2019.10.17"]
[SourceQuality "1"]

1. e4 e5 2. Nf3 Nc6 3. Bb5 a6 4. Ba4 Nf6 5. 0-0 Be7 6. Re1 b5 7. Bb3 d6 8. c3 0-0 9. h3 Bb7 10. d3 Na5 11. Bc2 c5 12. Nbd2 Re8 13. Nf1 h6 14. Ng3 Bf8 15. d4 cxd4 16. cxd4 g6 17. d5 Nc4 18. Bd3 Nb6 19. Bd2 Nfd7 20. Ba5 Qe7 21. Nd2 Bg7 22. b3 Rec8 23. a4 bxa4 24. bxa4 Nc5 25. Bc2 Nbd7 26. Rb1 Rab8 27. Bb4 a5 28. Bxa5 Ba6 29. Rxb8 Rxb8 30. Re3 h5 31. Rc3 Bh6 32. Nc4 h4 33. Nf1 Kg7 34. Bc7 Bxc4 35. Rxc4 Rb7 36. Ba5 Bg5 37. Bc3 f6 38. Rb4 Rxb4 39. Bxb4 Na6 40. Ba3 Ndc5 41. Qb1 Qc7 42. Qb5 Kf7 43. a5 Ke7 44. Bxc5 Nxc5 45. a6 Qa7 46. Ba4 Kf7 47. Qe8+ Kg7 48. Bb5 Nxa6 49. Bd7 Qb8 50. Bc8 Nc5 51. Qe7+ Kh6 52. Qf8+ Kh7 53. Qf7+ Kh6 54. Bf5 gxf5 55. exf5 1-0

[Event "IRL-ch"]
[Site "Dublin"]
[Date "2019.08.08"]
[Round "6"]
[White "Fox, Anthony"]
[Black "Murphy, Sean"]
[Result "1/2-1/2"]
[WhiteElo "2020"]
[BlackElo "1875"]
[PlyCount "84"]
[EventDate "2019.08.03"]
[EventType "swiss"]
[EventRounds "9"]
[EventCountry "IRL"]
[SourceTitle "CBM 191 Extra"]
[Source "ChessBase"]
[SourceDate "2019.09.30"]
[SourceVersion "1"]
[SourceVersionDate "2019.09.30"]
[SourceQuality "1"]

1. e4 c5 2. Nc3 a6 3. a4 Nc6 4. g3 g6 5. Bg2 Bg7 6. d3 d6 7. Be3 e5 8. Nge2 Nge7 9. 0-0 0-0 10. f4 Nd4 11. Qd2 Be6 12. Rf2 d5 13. exd5 Nxd5 14. Nxd5 Bxd5 15. Nc3 Bxg2 16. Kxg2 b5 17. Raf1 b4 18. Nd1 Nf5 19. b3 Qd7 20. Re2 Nxe3+ 21. Qxe3 exf4 22. Qxf4 Rae8 23. Rfe1 Bd4 24. Rxe8 Rxe8 25. Rxe8+ Qxe8 26. Qe4 Qxe4+ 27. dxe4 Kg7 28. Kf3 Kf6 29. Ne3 Ke6 30. Nc4 f5 31. h3 g5 32. exf5+ Kxf5 33. g4+ Ke6 34. Ke4 Bc3 35. Ne3 Bd4 36. Nd5 Be5 37. Nb6 Bc3 38. Nd5 Be5 39. Ne7 Bd6 40. Nd5 Be5 41. Ne7 Bd6 42. Nf5 Be5 1/2-1/2